LEADER 01150nam0 2200289 450 001 000012835 005 20080612144236.0 010 $a88-15-05464-2 100 $a20080612d1996----km-y0itay50------ba 101 0 $aita 102 $aIT 105 $ay-------001yy 200 1 $a<>efficienza nell'industria dei servizi mobiliari$eil caso delle SIM di negoziazione$fMario Anolli, Andrea Resti$ga cura di Mario Anolli 210 $aBologna$cIl Mulino$d1996 215 $a196 p.$d22 cm 225 2 $aStudi finanziari e bancari 300 $aIn appendice: Redditivitą ed efficienza operativa delle SIM: una metodologia di indagine sulla base dei dati di bilancio, dello stesso Autore 410 0$12001$aStudi finanziari e bancari 610 1 $aSocietą di intermediazione mobiliare 676 $a332.62$v20$9Economia finanziaria. Investimenti. Agenzie d'intermediazione 700 1$aAnolli,$bMario$0103184 701 1$aResti,$bAndrea$0526902 801 0$aIT$bUNIPARTHENOPE$c20080612$gRICA$2UNIMARC 912 $a000012835 951 $a314/8$b8061$cNAVA2 996 $aEfficienza nell'industria dei servizi mobiliari$9874690 997 $aUNIPARTHENOPE